| 000 | 01107cab a2200229 4500 | ||
|---|---|---|---|
| 001 | ABS57440 | ||
| 008 | 090401t1997 xxu||||| |||| 00| 0 eng d | ||
| 035 | _a(Sirsi) u98568 | ||
| 041 | _aeng | ||
| 100 | _aStansfield, K. | ||
| 245 | _aManagement of premises for family doctors: a case for treatment | ||
| 260 | _c1997 | ||
| 350 | _a0 | ||
| 490 |
_aProperty Management _v15(3) 1997, 150-159(10) |
||
| 520 | _aAs primary health care facilities become more sophisticated, advances in construction management teechniques need to be applied so that they are procured efficiently. Current real estate arrangements for the provision of primary health care facilities are causing concern. The capital investment involved is increasingly burdensome for GPs. Lack of Government finance is leading to pressures for the employment of private capital, with accompanying new opportunities for property managers. References. | ||
| 650 | _aDOCTORS' SURGERIES | ||
| 650 | _aPRIMARY HEALTHCARE PREMISES | ||
| 690 | _aCOMMERCIAL PROPERTY-MANAGEMENT | ||
| 700 | _aTaylor, A. | ||
| 942 | _n0 | ||
| 948 | _c07/08/1997 | ||
| 999 |
_c59906 _d59906 |
||